Statistiken für Top 15 Länder mit Covid-19-Todesfällen - 10. Mai

Klicken Sie hier um das Quiz zu spielen!

Allgemein

  • Dieses Quiz wurde 12 mal gespielt
  • Das Durchschnittsergebnis liegt bei 17 aus 21

Antwortstatistiken

Land% Korrekt
Deutschland
100%
Frankreich
100%
Italien
100%
Spanien
100%
Vereinigte Staaten
100%
China
92%
Kanada
92%
Schweiz
92%
Brasilien
83%
Mexiko
83%
Portugal
83%
Vereinigtes Königreich
83%
Belgien
75%
Iran
75%
Niederlande
75%
Schweden
67%
Schweden
67%
Türkei
67%
Irland
58%
Dänemark
50%
Ecuador
33%

Verteilung der Resultate

Perzentil nach korrekt beantworteten Fragen

Anzahl Personen mit jedem Resultat

Ihre Resultats-Entwicklung

Sie haben dieses Quiz noch nicht gespielt